| 000 | 00432nam a22001817a 4500 | ||
|---|---|---|---|
| 003 | MPLRDC | ||
| 005 | 20220104154410.0 | ||
| 008 | 210129b ||||| |||| 00| 0 eng d | ||
| 082 | _a848.2 LQX-32 | ||
| 100 | _a林清玄 | ||
| 245 |
_a谁来吹醒文化 _c |
||
| 250 | _a初版 | ||
| 260 |
_a _b时报出版公司 _c1982 |
||
| 300 | _b平 | ||
| 490 | _a时报书系; 362 | ||
| 650 | _a现代别集 | ||
| 942 |
_cBK _o848.2 LQX-32 |
||
| 999 |
_c53965 _d53955 |
||